Lecons de droit naturel

Bewaard in:
Bibliografische gegevens
Hoofdauteur: Leclercq, Abbé Jacques
Formaat: Boek
Taal:Undetermined
Gepubliceerd in: París, Francia Wesmael-charlier 1927
Onderwerpen:
Tags: Voeg label toe
Geen labels, Wees de eerste die dit record labelt!

MARC

LEADER 00000nam a2200000Ia 4500
008 170316s9999 xx 000 0 und d
090 |a 100 L-27L 
100 |a Leclercq, Abbé Jacques 
245 |a Lecons de droit naturel 
260 |a París, Francia 
260 |b Wesmael-charlier 
260 |c 1927 
300 |a 270 páginas 
650 |a FILOSOFÍA 
999 |c 16751  |d 16751 
040 |a cru BVZT 
942 |c 15 D  |h 100 L-27L  |2 z